Nonlinear integro-differential equations with time delay in Hilbert space /

Gespeichert in:
Bibliographische Detailangaben
1. Verfasser: Maruo, Kenji.
Weitere Verfasser: Park, Dong Gun.
Format: Artikel
Sprache:English
Schlagworte:
Tags: Tag hinzufügen
Keine Tags, Fügen Sie den ersten Tag hinzu!
Thư viện lưu trữ: Thư viện Trường Đại học Đà Lạt
LEADER 00910nam a2200301 4500
001 DLU090093040
005 ##20091201
040 # # |a DLU  |b eng 
041 # # |a eng 
044 # # |a jp 
100 # # |a Maruo, Kenji. 
245 # # |a Nonlinear integro-differential equations with time delay in Hilbert space /  |c Kenji Maruo, Dong Gun Park. 
653 # # |a Global solution 
653 # # |a Hilbert space 
653 # # |a Integrables 
653 # # |a Integro-differential equations 
653 # # |a Subdifferentials 
700 # # |a Park, Dong Gun.  
773 # # |t Advances in Mathematical Sciences and Applications  |g Vol. 3 (1993/1994), p. 71-87 
920 # # |a Phòng Tạp chí -- Trung tâm Thông tin - Thư viện Trường Đại học Đà Lạt 
994 # # |a DLU 
900 # # |a True 
911 # # |a Trương Bảo Trâm Anh 
925 # # |a G 
926 # # |a A 
927 # # |a BB 
980 # # |a Thư viện Trường Đại học Đà Lạt